00940nam a2200241 a 450000100100000000500170001000800410002702000150006804000250008304100130010808200130012110000310013424000320016524500810019726000300027830000280030849000390033670000350037583000480041095201110045895201120056999900170068100004312920201002040647.0140220s1987 sp a 001 0 spa d a8420645125 aDO-SdBNPbspacBNPHU17aspaheng axxxbxxx1 aGaziel,d1887-1964.97067910aCastella endins.lEspañol10aCastilla adentro /cGaziel ; versión española de María Teresa López. aMadrid :bAlianza,c1987. a215 p. :bil. ;c21 cm.1 aBiblioteca de cultura catalanav1212aLópez, María Teresa970680 0aBiblioteca de cultura catalana ;n12970681 001050718MOaGRbGRcCTd2014-02-20iLF1l0oxxx xxxp43129-10r2020-06-25w2020-06-25y1ZNo se presta 0010507-18MOaGRbGRcOId2014-02-20iLF1l0oxxx xxxp43130-10r2020-06-25w2020-06-25y1ZNo se presta c42618d42618